रंग अरंग / (Record no. 70567)

MARC details
000 -LEADER
fixed length control field 01325nam a22003017a 4500
005 - DATE AND TIME OF LATEST TRANSACTION
control field 20121005123213.0
008 - FIXED-LENGTH DATA ELEMENTS--GENERAL INFORMATION
fixed length control field 090408t xxu||||| |||| 00| 0 hin d
010 ## - LCCN (DPL NO)
LC control number HIN-96885
020 ## - INTERNATIONAL STANDARD BOOK NUMBER
Terms of availability 400.00
International Standard Book Number 9788126722112
035 ## - SYSTEM CONTROL NUMBER
System control number HN-69231
037 ## - SOURCE OF ACQUISITION
Source of stock number/acquisition DBAD / PUB
040 ## - CATALOGING SOURCE
Original cataloging agency DPL
Language of cataloging HN
082 ## - DEWEY DECIMAL CLASSIFICATION NUMBER
Classification number 808.88
100 ## - MAIN ENTRY--PERSONAL NAME
9 (RLIN) 27482
Personal name हृषीकेश सुलभ
245 ## - TITLE STATEMENT
Title रंग अरंग /
Statement of responsibility, etc हृषीकेश सुलभ
246 ## - VARYING FORM OF TITLE
Title proper/short title Rang Arang
Remainder of title Hrishikesh Sulabh
260 ## - PUBLICATION, DISTRIBUTION, ETC. (IMPRINT)
Name of publisher, distributor, etc राजकमल प्रकाशन
Date of publication, distribution, etc 2012
Place of publication, distribution, etc नई दिल्ली
270 ## - ADDRESS
Address 1-बी, नेताजी सुभाष मार्ग
City नई दिल्ली
Postal code 110002
300 ## - PHYSICAL DESCRIPTION
Extent 256पृ.
Dimensions 22सेमी (सजिल्द)
650 ## - SUBJECT ADDED ENTRY--TOPICAL TERM
9 (RLIN) 1169
700 ## - ADDED ENTRY--PERSONAL NAME
9 (RLIN) 27483
700 ## - ADDED ENTRY--PERSONAL NAME
9 (RLIN) 52894
710 ## - ADDED ENTRY--CORPORATE NAME
9 (RLIN) 52094
711 ## - ADDED ENTRY--MEETING NAME
Meeting name or jurisdiction name as entry element सक्सेना,इरा
9 (RLIN) 52444
942 ## - ADDED ENTRY ELEMENTS (KOHA)
Institution code [OBSOLETE] dpl
Item type Hindi Books
Source of classification or shelving scheme Dewey Decimal Classification
Call number suffix हृषीके
Classification part 808.88
Holdings
Withdrawn status Lost status Source of classification or shelving scheme Damaged status Not for loan Collection code Home library Current library Date acquired Source of acquisition Cost, normal purchase price Total Checkouts Full call number Barcode Date last seen Copy number Cost, replacement price Koha item type
    Dewey Decimal Classification   Not For Loan Non-fiction D.B.Act.Division D.B.Act.Division 05/10/2012 DBAD / PUB 400.00   808.88 हृषीके HN-69231 05/10/2012 1 400.00 Hindi Books

© Delhi Public Library
Hit Counter
free hit counter